Hľadá sa ideálna hypotéka
Identifikácia klientov patriacich do skupiny delikventov. Typ kontraktu. Bonitu klienta ovplyvňuje vzdelanie, pracovná profesia, rodinné zázemie, bydlisko a iné skutočnosti. Poskytnutie a neposkytnutie úveru bankou. Rozdiely v úrokových sadzbách. Možnosť zmeny banky. Informácie od viacerých bánk.
Gespeichert in:
| 1. Verfasser: | |
|---|---|
| Format: | Buchkapitel |
| Sprache: | Slowakisch |
| Schlagworte: | |
| Tags: |
Keine Tags, Fügen Sie das erste Tag hinzu!
|
MARC
| LEADER | 00000naa$a2200000$$$4500 | ||
|---|---|---|---|
| 001 | 0072439 | ||
| 005 | 20240502071846.6 | ||
| 041 | 0 | |a slo | |
| 044 | |a SK | ||
| 245 | 1 | 0 | |a Hľadá sa ideálna hypotéka |c Pavel Škriniar |
| 520 | |a Identifikácia klientov patriacich do skupiny delikventov. Typ kontraktu. Bonitu klienta ovplyvňuje vzdelanie, pracovná profesia, rodinné zázemie, bydlisko a iné skutočnosti. Poskytnutie a neposkytnutie úveru bankou. Rozdiely v úrokových sadzbách. Možnosť zmeny banky. Informácie od viacerých bánk. | ||
| 610 | 2 | 0 | |a hypotéky |
| 610 | 2 | 0 | |a klienti |
| 610 | 2 | 0 | |a riziko |
| 610 | 2 | 0 | |a banky |
| 100 | 1 | |a Škriniar, Pavel, 1979- | |